| 000 | 00652nam a2200229 a 4500 | ||
|---|---|---|---|
| 999 |
_c214 _d214 |
||
| 001 | 214 | ||
| 003 | BD-JhCC | ||
| 005 | 20171015164739.0 | ||
| 008 | 171002s2006 bg |||| ||a| 000 0 ben d | ||
| 035 | _a(BD-JhCC)214 | ||
| 040 |
_aBD-JhCC _dBD-JhCC |
||
| 041 | _aben | ||
| 082 |
_a891.3 _bKAM 2006 |
||
| 100 | _aকামরুজ্জামান, মোঃ | ||
| 245 |
_aঅবসর অনবসর / _cমোঃ কামরুজ্জামান |
||
| 260 |
_aময়মনসিংহ. _b3T প্রকাশনী, _c2006 |
||
| 300 |
_a112 p. : _c21 cm. |
||
| 650 | _aNovel | ||
| 651 | _aBangladesh | ||
| 942 |
_2ddc _cBK |
||